000 01189cam a22003134a 4500
001 13552995
003 ARRUPE
005 20150911100157.0
008 040409s2004 ne a b 011 0 eng
010 _a 2004047557
020 _a1402020732 (hb : alk. paper)
020 _a1402020740 (ebook)
040 _aDLC
_cDLC
_dDLC
042 _apcc
050 0 0 _aBL51
_b.P5335 2004
082 0 0 _a210
_222
245 0 0 _aPhilosophy of religion for a new century :
_bessays in honor of Eugene Thomas Long /
_cedited by Jeremiah Hackett and Jerald Wallulis.
260 _aBoston :
_bKluwer Academic Publishers,
_cc2004.
300 _axi, 365 p. :
_c25 cm.
490 1 _aStudies in philosophy and religion ;
_vv. 25
650 0 _aReligion
_xPhilosophy.
_919509
700 1 _aLong, Eugene Thomas.
_919510
700 1 _aHackett, Jeremiah.
_919511
_eed.
700 1 _aWallulis, Jerald,
_d1947-
_919512
_eed.
830 0 _aStudies in philosophy and religion (Hague, Netherlands) ;
_vv. 25.
_919513
906 _a7
_bcbc
_corignew
_d1
_eocip
_f20
_gy-gencatlg
942 _2lcc
_cMONOGRAPH
999 _c123298
_d123298